| 000 | 00498nam a2200157 a 4500 | ||
|---|---|---|---|
| 001 | 000028145 | ||
| 005 | 20200930031404.0 | ||
| 008 | 110407s1984 dr 000 0 spa d | ||
| 040 |
_aDO-SdBNP _bspa _cBNPHU |
||
| 082 |
_axxxx _bI59e |
||
| 245 | 0 | 0 |
_aInstitución ejecutora comisión nacional de política energética / _cprólogo José Ramón Acosta. |
| 260 |
_aSanto Domingo : _bAlfa y Omega, _c1984. |
||
| 300 |
_a45 p. ; _c25 cm. |
||
| 700 | 1 | 2 |
_aAcosta, José Ramón, _epról. _92056 |
| 049 | _aBNPD | ||
| 999 |
_c27637 _d27637 |
||